000 00361nam a2200145Ia 4500
008 231129s1990||||xx |||||||||||||| ||spa||
020 _a968-422-087-1
040 _bspa
082 _aR 540 D281m
100 _aDean John A.
245 0 _aManual de quimica
260 _c1990
264 _aMcGraw-Hill
942 _2ddc
_cBKS
999 _c20442
_d20442